Cesare : il grande giocatore /
Guardat en:
| Autor principal: | |
|---|---|
| Format: | Llibre |
| Idioma: | italià |
| Publicat: |
Milano :
A. Mondadori,
1990
|
| Col·lecció: | Oscar saggi ;
20 |
| Etiquetes: |
Sense etiquetes, Sigues el primer a etiquetar aquest registre!
|
MARC
| LEADER | 00000nam a22000007i 4500 | ||
|---|---|---|---|
| 001 | IT\ICCU\CFI\0204718 | ||
| 003 | ItRI | ||
| 005 | 20250930190310.0 | ||
| 008 | 920511s1990 it |||||| ||||| |||||c | ||
| 020 | |a 8804340878 | ||
| 040 | |b ita |c Arcigay Viterbo | ||
| 041 | 7 | |a ita |2 ISO-639-2 | |
| 082 | |a 937 |2 12 | ||
| 100 | 1 | |a Spinosa, Antonio |0 IT\ICCU\CFIV\017482 |4 aut | |
| 245 | 1 | 0 | |a Cesare : |b il grande giocatore / |c Antonio Spinosa. |
| 260 | |a Milano : |b A. Mondadori, |c 1990 | ||
| 300 | |a 448, p. ; |c 20 cm. | ||
| 830 | 0 | |a Oscar saggi ; |v 20 |0 IT\ICCU\CFI\0000434 | |
| 942 | |2 ddc |c BK |n 0 | ||
| 952 | |0 0 |1 0 |2 ddc |4 0 |6 937_020000000000000_SPI_CES |7 0 |9 9652 |a VT |b VT |d 2025-09-30 |e Dono di Lorenzo Abbate |i B318 |l 0 |o 937.02 SPI CES |p B318 |r 2025-09-30 19:04:43 |w 2025-09-30 |y BK | ||
| 981 | 1 | |6 z01 |a i |b xxxe | |
| 982 | 1 | |6 z01 |a n | |
| 999 | |c 8044 |d 8044 | ||